00430 2200169 4500001002100000005001500021008004100036035001900077041000700096082001000103090001600113100002400129245003700153260003500190300002200225650001300247INLIS00000000001385120241224114632241224||||||||| | ||| |||| || |  0010-1224013851 aid0 a2x1.1 a2x1.1 ANN a0 aAbu Zahra 'An-Najdi00aAl-quran dan Rahasia Angka Angka aBandungbpustaka hidayahc1990 a142hlm,;14.5x21cm 0aAl-Quran